000 00289nam a22001337a 4500
008 170703b xxu||||| |||| 00| 0 eng d
020 _a9780077293680
041 _aeng
080 _a82
100 _a22
101 _aGJL
245 _aA WRITERS RESOURCE
_cMAIMON.E.R
942 _2udc
_cBK
999 _c19864
_d19864